[Event "County-ch Final"]
[Site "Egham"]
[Date "2023.07.01"]
[Round "1.15"]
[White "Dydak, Mateusz"]
[Black "Haldane, Robin W"]
[Result "1-0"]
[WhiteElo "1889"]
[BlackElo "1993"]
[PlyCount "151"]
[EventDate "2023.07.01"]
[EventType "team-match"]
[EventRounds "1"]
[EventCountry "ENG"]
[SourceTitle "CBM 215 Extra"]
[Source "ChessBase"]
[SourceDate "2023.09.30"]
[SourceVersion "1"]
[SourceVersionDate "2023.09.30"]
[SourceQuality "1"]
[WhiteTeam "Middlesex"]
[BlackTeam "Surrey"]
[WhiteTeamCountry "ENG"]
[BlackTeamCountry "ENG"]

1. e4 e5 2. Nf3 Nc6 3. Bb5 a6 4. Bxc6 dxc6 5. 0-0 Bg4 6. h3 h5 7. d3 Qf6 8. Nbd2 g5 9. Nc4 Bxf3 10. Qxf3 Qxf3 11. gxf3 f6 12. Be3 0-0-0 13. Rfd1 Ne7 14. d4 exd4 15. Bxd4 Bg7 16. Ne3 b6 17. c4 c5 18. Bc3 b5 19. b3 b4 20. Bb2 c6 21. Kh2 Rxd1 22. Rxd1 Rd8 23. Rxd8+ Kxd8 24. Kg3 Ke8 25. Ng2 h4+ 26. Kh2 Kf7 27. f4 Ng6 28. f5 Nf8 29. Ne3 Nd7 30. Kg2 Bf8 31. Ng4 Bd6 32. Kf3 Bf4 33. Ke2 Ke7 34. Ne3 Kf7 35. Ng2 Be5 36. Bc1 g4 37. Nxh4 gxh3 38. Kf1 h2 39. Kg2 Bd4 40. f4 a5 41. Kxh2 Nb6 42. Nf3 a4 43. Ne1 a3 44. Nc2 Nxc4 45. bxc4 b3 46. axb3 a2 47. Ba3 Kg7 48. Kg3 Kh6 49. Kf3 Kh5 50. Nxd4 a1Q 51. Bxc5 Qc3+ 52. Ke2 Kg4 53. e5 Qb2+ 54. Kd3 Qb1+ 55. Kc3 Qc1+ 56. Kb4 Qd2+ 57. Ka4 Qa2+ 58. Kb4 Qd2+ 59. Ka4 Qxf4 60. exf6 Qc7 61. Kb4 Qb7+ 62. Ka5 Qf7 63. Be7 Kf4 64. Nxc6 Kxf5 65. Nd8 Qe8 66. c5 Qd7 67. b4 Qa7+ 68. Kb5 Qb8+ 69. Ka5 Qa7+ 70. Kb5 Qb8+ 71. Kc6 Qc8+ 72. Kb6 Qb8+ 73. Nb7 Qe5 74. c6 Qd4+ 75. Kc7 Qc4 76. Nd6+ 1-0

[Event "London CSC 5-Day U2050 op 10th"]
[Site "London"]
[Date "2018.12.11"]
[Round "3"]
[White "Haldane, Robin W"]
[Black "Wood, Peter R"]
[Result "1/2-1/2"]
[WhiteElo "2011"]
[BlackElo "1897"]
[PlyCount "54"]
[EventDate "2018.12.09"]
[EventType "swiss"]
[EventRounds "5"]
[EventCountry "ENG"]
[SourceTitle "EXT 2020"]
[Source "ChessBase"]
[SourceDate "2019.10.17"]
[SourceVersion "1"]
[SourceVersionDate "2019.10.17"]
[SourceQuality "1"]

1. e4 e6 2. d4 d5 3. Nc3 Nc6 4. Nf3 Nf6 5. Bg5 Be7 6. Bxf6 Bxf6 7. e5 Be7 8. a3 Nb8 9. b4 b6 10. b5 a6 11. bxa6 Bxa6 12. Bxa6 Rxa6 13. Qd3 Rxa3 14. Rxa3 Bxa3 15. Nxd5 Be7 16. Nxe7 Qxe7 17. Qb5+ Qd7 18. Qxd7+ Kxd7 19. Ke2 Nc6 20. Ra1 Ke7 21. c4 Rd8 22. Ke3 f6 23. exf6+ gxf6 24. g4 Na5 25. Ra4 Nc6 26. h4 h6 27. Ra1 Rg8 1/2-1/2

[Event "London CSC 5-Day U2050 op 10th"]
[Site "London"]
[Date "2018.12.09"]
[Round "1"]
[White "Haldane, Robin W"]
[Black "Matthew, Ian"]
[Result "1-0"]
[WhiteElo "2011"]
[BlackElo "1860"]
[PlyCount "53"]
[EventDate "2018.12.09"]
[EventType "swiss"]
[EventRounds "5"]
[EventCountry "ENG"]
[SourceTitle "EXT 2020"]
[Source "ChessBase"]
[SourceDate "2019.10.17"]
[SourceVersion "1"]
[SourceVersionDate "2019.10.17"]
[SourceQuality "1"]

1. e4 c5 2. Nf3 e6 3. d4 cxd4 4. Nxd4 a6 5. Nc3 Qc7 6. Bd3 Nc6 7. Be3 Nf6 8. 0-0 b5 9. Kh1 Bb7 10. Qe2 Nxd4 11. Bxd4 e5 12. Nd5 Qd6 13. Nxf6+ Qxf6 14. Bc3 g5 15. b4 Rc8 16. Bd2 Be7 17. a4 Qg6 18. axb5 axb5 19. Ra7 Bc6 20. Bxb5 0-0 21. Bxc6 Rxc6 22. b5 Rxc2 23. Qd3 Rfc8 24. Rxd7 Qf6 25. b6 Rb2 26. b7 Rb8 27. Qc3 1-0

[Event "London Classic op U2050 9th"]
[Site "London"]
[Date "2017.12.08"]
[Round "5"]
[White "Mondal, Prince"]
[Black "Haldane, Robin W"]
[Result "0-1"]
[WhiteElo "1836"]
[BlackElo "2012"]
[PlyCount "42"]
[EventDate "2017.12.04"]
[EventType "swiss"]
[EventRounds "5"]
[EventCountry "ENG"]
[SourceTitle "CBM 182 Extra"]
[Source "ChessBase"]
[SourceDate "2018.02.23"]
[SourceVersion "1"]
[SourceVersionDate "2018.02.23"]
[SourceQuality "1"]

1. e4 e5 2. Nf3 Nc6 3. Bc4 Nf6 4. d3 Bc5 5. 0-0 d6 6. c3 Bg4 7. a4 a6 8. Na3 h6 9. Re1 g5 10. Nc2 Bh5 11. Qd2 Bxf3 12. gxf3 g4 13. f4 Nh5 14. d4 Ba7 15. fxe5 dxe5 16. d5 Na5 17. Ba2 Qh4 18. Ne3 Nf4 19. Kh1 Qh3 20. b4 Qf3+ 21. Kg1 Bxe3 0-1

[Event "London Classic op U2050 9th"]
[Site "London"]
[Date "2017.12.07"]
[Round "4"]
[White "Haldane, Robin W"]
[Black "Stern, Robert C"]
[Result "1/2-1/2"]
[WhiteElo "2012"]
[BlackElo "1802"]
[PlyCount "108"]
[EventDate "2017.12.04"]
[EventType "swiss"]
[EventRounds "5"]
[EventCountry "ENG"]
[SourceTitle "CBM 182 Extra"]
[Source "ChessBase"]
[SourceDate "2018.02.23"]
[SourceVersion "1"]
[SourceVersionDate "2018.02.23"]
[SourceQuality "1"]

1. e4 e6 2. d4 d5 3. Nc3 Nf6 4. e5 Nfd7 5. Qh5 c5 6. Nf3 cxd4 7. Nxd4 Qb6 8. Ndb5 Nc6 9. Be3 d4 10. Na4 Qa5+ 11. Bd2 Nb4 12. b3 d3 13. c4 a6 14. Nd4 Qxe5+ 15. Qxe5 Nxe5 16. a3 Nec6 17. Bxb4 Bxb4+ 18. axb4 Nxd4 19. Bxd3 Nxb3 20. Rd1 e5 21. Nb6 Rb8 22. f4 Bg4 23. Rb1 Nd4 24. h3 Be6 25. 0-0 exf4 26. Rxf4 Nc6 27. Bf5 0-0 28. Bxe6 fxe6 29. Re4 Rfe8 30. Nd7 Rbc8 31. Nc5 Nd8 32. Rbe1 a5 33. Nd3 axb4 34. Nxb4 Rc7 35. Nd5 Rc6 36. Rg4 Kh8 37. Rd4 e5 38. Nb4 Rce6 39. Rd7 R6e7 40. Red1 Rxd7 41. Rxd7 h6 42. Nd5 Kg8 43. Kf2 Ne6 44. Rxb7 Nc5 45. Rc7 Ne6 46. Ra7 Kf8 47. Nc7 Nxc7 48. Rxc7 Ra8 49. Kf3 Ra3+ 50. Ke4 Rg3 51. Kxe5 Rxg2 52. Ke6 Re2+ 53. Kd7 Re3 54. h4 Re7+ 1/2-1/2

[Event "London Classic CSC op 7th"]
[Site "London"]
[Date "2015.12.06"]
[Round "4"]
[White "Haldane, Robin W"]
[Black "Semakoff, Aleks"]
[Result "1-0"]
[WhiteElo "2011"]
[BlackElo "2097"]
[PlyCount "41"]
[EventDate "2015.12.04"]
[EventType "swiss"]
[EventRounds "5"]
[EventCountry "ENG"]
[SourceTitle "CBM 169 Extra"]
[Source "ChessBase"]
[SourceDate "2015.12.18"]
[SourceVersion "1"]
[SourceVersionDate "2015.12.18"]
[SourceQuality "1"]

1. e4 d5 2. exd5 Qxd5 3. Nc3 Qa5 4. d4 Nf6 5. Bc4 Bg4 6. f3 Bf5 7. Bd2 Qb6 8. Qe2 Nc6 9. Na4 Qxd4 10. Bc3 Qh4+ 11. g3 Qh6 12. h4 Qg6 13. g4 Bxc2 14. Nc5 e6 15. Nxb7 Nb4 16. h5 Nxh5 17. gxh5 Qg3+ 18. Kf1 Bf5 19. Bb5+ c6 20. Bxb4 Bxb4 21. Bxc6+ 1-0

[Event "London Academy final op"]
[Site "London"]
[Date "2014.11.23"]
[Round "9"]
[White "Krzyzanowski, Patryk"]
[Black "Haldane, Robin W"]
[Result "1-0"]
[WhiteElo "1982"]
[BlackElo "2062"]
[PlyCount "51"]
[EventDate "2014.11.19"]
[EventType "swiss"]
[EventRounds "9"]
[EventCountry "ENG"]
[SourceTitle "CBM 163 Extra"]
[Source "ChessBase"]
[SourceDate "2014.12.23"]
[SourceVersion "1"]
[SourceVersionDate "2014.12.23"]
[SourceQuality "1"]

1. d4 d5 2. c4 e6 3. Nf3 Nf6 4. Nc3 Be7 5. Bg5 0-0 6. cxd5 exd5 7. e3 c6 8. Bd3 h6 9. Bh4 Ne4 10. Bxe7 Qxe7 11. Qc2 Re8 12. 0-0 Nd7 13. Rab1 f5 14. b4 g5 15. b5 Ndf6 16. bxc6 bxc6 17. Ne5 Qd6 18. Na4 Nd7 19. Nxc6 Nd2 20. Qxd2 Qxc6 21. Nc3 Rf8 22. Qc2 Nb6 23. Rfc1 h5 24. a4 Be6 25. a5 Nd7 26. Qe2 1-0

[Event "BCF-chT2d 0809 (4NCL) Demotion pool"]
[Site "Hinckley Island"]
[Date "2009.05.03"]
[Round "11.4"]
[White "Haldane, Robin W"]
[Black "Girdlestone, Paul C"]
[Result "1/2-1/2"]
[WhiteElo "2155"]
[BlackElo "2127"]
[PlyCount "86"]
[EventDate "2008.10.04"]
[EventType "team-tourn"]
[EventRounds "4"]
[EventCountry "ENG"]
[SourceTitle "EXT 2010"]
[Source "ChessBase"]
[SourceDate "2010.11.25"]
[SourceVersion "1"]
[SourceVersionDate "2010.11.25"]
[SourceQuality "1"]
[WhiteTeam "Celtic Tigers"]
[BlackTeam "Brown Jack"]
[WhiteTeamCountry "ENG"]
[BlackTeamCountry "ENG"]

1. e4 e5 2. Nf3 Nc6 3. d4 exd4 4. c3 dxc3 5. Bc4 Nf6 6. Nxc3 Bb4 7. e5 d5 8. exf6 dxc4 9. Qxd8+ Nxd8 10. fxg7 Rg8 11. Bh6 Ne6 12. 0-0-0 Bxc3 13. bxc3 Nxg7 14. Rhe1+ Be6 15. g4 Ke7 16. Nd4 Kf6 17. Bf4 Bxg4 18. Be5+ Kg5 19. Rg1 f6 20. Bxc7 Ne8 21. Rxg4+ Kxg4 22. Rg1+ Kh3 23. Rxg8 Nxc7 24. Rg3+ Kh4 25. Rg7 Nd5 26. Rxh7+ Kg4 27. Kd2 b5 28. Rd7 Nf4 29. Rg7+ Kh5 30. Rb7 a6 31. Rb6 Kg6 32. Rd6 Nd3 33. Ke3 Re8+ 34. Kf3 b4 35. cxb4 c3 36. Nc2 Ne5+ 37. Kg2 Kf5 38. Rxa6 Rg8+ 39. Kf1 Ke4 40. Ke2 Rd8 41. Ne1 Rd2+ 42. Kf1 Rd1 43. Ke2 Rd2+ 1/2-1/2

[Event "BCF-chT2b 0809 (4NCL)"]
[Site "Hinckley Island"]
[Date "2008.10.05"]
[Round "2.4"]
[White "Haldane, Robin W"]
[Black "Reuben, Stewart"]
[Result "1-0"]
[WhiteElo "2149"]
[BlackElo "2102"]
[PlyCount "81"]
[EventDate "2008.10.04"]
[EventType "team-tourn"]
[EventRounds "7"]
[EventCountry "ENG"]
[SourceTitle "EXT 2010"]
[Source "ChessBase"]
[SourceDate "2010.11.25"]
[SourceVersion "1"]
[SourceVersionDate "2010.11.25"]
[SourceQuality "1"]
[WhiteTeam "Celtic Tigers"]
[BlackTeam "FCA Solutions"]
[WhiteTeamCountry "ENG"]
[BlackTeamCountry "ENG"]

1. e4 c5 2. Nf3 g6 3. d4 Bg7 4. Nc3 Nc6 5. Be3 cxd4 6. Nxd4 Nf6 7. f3 0-0 8. Qd2 d5 9. 0-0-0 dxe4 10. Nxe4 Nxe4 11. fxe4 Bg4 12. Nxc6 bxc6 13. Qxd8 Rfxd8 14. Rxd8+ Rxd8 15. Bc4 Bd4 16. Bg5 Kf8 17. Rf1 f6 18. h3 Bc8 19. c3 Be5 20. Be3 a6 21. Bb6 Rd7 22. Kc2 Bb7 23. Bc5 Bd6 24. Bxd6 exd6 25. Rxf6+ Ke8 26. Kd3 Kd8 27. g4 Kc7 28. g5 Re7 29. Rf7 Kd7 30. Rxe7+ Kxe7 31. Kd4 Bc8 32. h4 Be6 33. Bxe6 Kxe6 34. b4 Kd7 35. c4 Kc7 36. a4 Kb6 37. e5 Kc7 38. e6 Kd8 39. b5 cxb5 40. cxb5 axb5 41. axb5 1-0

[Event "BCF-chT4 0708 (4NCL)"]
[Site "England"]
[Date "2008.03.16"]
[Round "8.1"]
[White "Haldane, Robin W"]
[Black "Mayhew, Andrew"]
[Result "1-0"]
[WhiteElo "2153"]
[BlackElo "2015"]
[PlyCount "45"]
[EventDate "2007.09.15"]
[EventType "team-swiss"]
[EventRounds "11"]
[EventCountry "ENG"]
[SourceTitle "EXT 2009"]
[Source "ChessBase"]
[SourceDate "2008.11.26"]
[SourceVersion "1"]
[SourceVersionDate "2008.11.26"]
[SourceQuality "1"]
[WhiteTeam "Celtic Tigers II"]
[BlackTeam "Grendel's Mother"]
[WhiteTeamCountry "ENG"]
[BlackTeamCountry "ENG"]

1. e4 c5 2. Nf3 d6 3. d4 cxd4 4. Nxd4 Nf6 5. Nc3 a6 6. Bg5 e6 7. f4 Be7 8. Qf3 Qc7 9. 0-0-0 Nbd7 10. Bd3 b5 11. Rhe1 Bb7 12. Nd5 Nxd5 13. exd5 Bxg5 14. Rxe6+ fxe6 15. Qh5+ g6 16. Bxg6+ Ke7 17. Qxg5+ Nf6 18. Nf5+ Kd7 19. dxe6+ Kc6 20. Rxd6+ Qxd6 21. Nxd6 Kxd6 22. Qe5+ Kc6 23. Bf5 1-0

[Event "Brentwood op 2nd"]
[Site "Brentwood"]
[Date "2008.02.16"]
[Round "1"]
[White "Haldane, Robin W"]
[Black "Mutale, Elizabeth"]
[Result "1-0"]
[WhiteElo "2153"]
[BlackElo "1828"]
[PlyCount "42"]
[EventDate "2008.02.16"]
[EventType "swiss"]
[EventRounds "5"]
[EventCountry "ENG"]
[SourceTitle "CBM 122 Extra"]
[Source "ChessBase"]
[SourceDate "2008.03.04"]
[SourceVersion "1"]
[SourceVersionDate "2008.03.04"]
[SourceQuality "1"]

1. e4 c5 2. Nf3 d6 3. d4 cxd4 4. Nxd4 Nf6 5. Nc3 a6 6. Bg5 e6 7. f4 Be7 8. Qf3 Qc7 9. 0-0-0 b5 10. Bd3 Bb7 11. Rhe1 Nbd7 12. Nd5 exd5 13. Nf5 dxe4 14. Bxe4 Bxe4 15. Rxe4 Nxe4 16. Qxe4 0-0 17. Nxe7+ Kh8 18. Rd3 f5 19. Qe6 Rf6 20. Bxf6 Nxf6 21. Rh3 h6 1-0

[Event "Coulsdon Elo-A"]
[Site "Coulsdon"]
[Date "2007.12.21"]
[Round "8"]
[White "Nilsen, Joachim Birger"]
[Black "Haldane, Robin W"]
[Result "0-1"]
[WhiteElo "1978"]
[BlackElo "2151"]
[PlyCount "86"]
[EventDate "2007.12.17"]
[EventType "tourn"]
[EventRounds "9"]
[EventCountry "ENG"]
[SourceTitle "CBM 121 Extra"]
[Source "ChessBase"]
[SourceDate "2008.01.10"]
[SourceVersion "1"]
[SourceVersionDate "2008.01.10"]
[SourceQuality "1"]

1. d4 d5 2. Nf3 c5 3. c4 e6 4. Nc3 cxd4 5. Nxd4 e5 6. Nf3 d4 7. Nb1 Nc6 8. e3 Bg4 9. e4 f5 10. Bd3 Nf6 11. Nbd2 Bb4 12. Qc2 0-0 13. 0-0 Bxd2 14. Nxd2 Nb4 15. Qb3 Nxd3 16. Qxd3 fxe4 17. Nxe4 Qd7 18. Ng3 Nh5 19. Ne4 Qc6 20. Bd2 Qg6 21. f3 Bf5 22. Rae1 Nf6 23. c5 Rf7 24. b4 Raf8 25. Nxf6+ Rxf6 26. Qc4+ Be6 27. Qe2 Kh8 28. Kh1 Bxa2 29. Qxe5 Bc4 30. Rg1 Qd3 31. Bg5 Rf5 32. Qg3 Bd5 33. h4 h6 34. Rd1 Qc3 35. Bd2 Qc2 36. Qg6 R8f6 37. Qg3 Rh5 38. Rge1 Rg6 39. Qf2 Qf5 40. Bc1 Bxf3 41. Bg5 Rgxg5 42. Re8+ Kh7 43. gxf3 Qxf3+ 0-1

[Event "Coulsdon Elo-A"]
[Site "Coulsdon"]
[Date "2007.12.19"]
[Round "5"]
[White "Haldane, Robin W"]
[Black "Fields, Francis E"]
[Result "1-0"]
[WhiteElo "2151"]
[BlackElo "1953"]
[PlyCount "45"]
[EventDate "2007.12.17"]
[EventType "tourn"]
[EventRounds "9"]
[EventCountry "ENG"]
[SourceTitle "CBM 121 Extra"]
[Source "ChessBase"]
[SourceDate "2008.01.10"]
[SourceVersion "1"]
[SourceVersionDate "2008.01.10"]
[SourceQuality "1"]

1. e4 e5 2. Nf3 Nf6 3. Nxe5 d6 4. Nf3 Nxe4 5. Qe2 Qe7 6. d3 Nf6 7. Nc3 Qxe2+ 8. Bxe2 Be7 9. h3 Bf5 10. g4 Bg6 11. Nd4 0-0 12. f4 h5 13. g5 Nfd7 14. f5 Bh7 15. Bxh5 c5 16. Ndb5 Nc6 17. g6 Bh4+ 18. Kd1 fxg6 19. fxg6 a6 20. gxh7+ Kxh7 21. Nxd6 Rf6 22. Nce4 Rff8 23. Bg4 1-0

[Event "Coulsdon Autumn-A"]
[Site "Coulsdon"]
[Date "2007.08.31"]
[Round "9"]
[White "Stark, Lars"]
[Black "Haldane, Robin W"]
[Result "1/2-1/2"]
[WhiteElo "2430"]
[BlackElo "2138"]
[PlyCount "84"]
[EventDate "2007.08.26"]
[EventType "tourn"]
[EventRounds "9"]
[EventCountry "ENG"]
[EventCategory "4"]
[SourceTitle "CBM 120 Extra"]
[Source "ChessBase"]
[SourceDate "2007.11.01"]
[SourceVersion "1"]
[SourceVersionDate "2007.11.01"]
[SourceQuality "1"]

1. c4 e6 2. g3 d5 3. Bg2 c5 4. Nf3 Nc6 5. 0-0 Nf6 6. cxd5 exd5 7. d4 Be6 8. Nc3 Be7 9. dxc5 Bxc5 10. Bg5 Be7 11. Qa4 0-0 12. Rfd1 Qb6 13. Bxf6 Bxf6 14. Nxd5 Bxd5 15. Rxd5 Qxb2 16. Re1 Qb4 17. Qc2 Nd4 18. Qd1 Nxf3+ 19. Bxf3 Rad8 20. e3 Rxd5 21. Bxd5 Rd8 22. Re2 Kf8 23. Rd2 b5 24. Rd3 a5 25. Qh5 g6 26. Qe2 a4 27. e4 Qc5 28. Rf3 Re8 29. Qd2 Qe7 30. Qa5 Rb8 31. Qa6 Kg7 32. Kg2 Qd8 33. Qa7 Rb6 34. Bxf7 Qb8 35. Qxb8 Rxb8 36. Bd5 b4 37. Rd3 Rd8 38. f4 b3 39. axb3 a3 40. e5 Be7 41. b4 Bxb4 42. Rd1 a2 1/2-1/2

[Event "Coulsdon Autumn-A"]
[Site "Coulsdon"]
[Date "2007.08.30"]
[Round "7"]
[White "McNab, Colin Anderson"]
[Black "Haldane, Robin W"]
[Result "1-0"]
[WhiteElo "2416"]
[BlackElo "2138"]
[PlyCount "111"]
[EventDate "2007.08.26"]
[EventType "tourn"]
[EventRounds "9"]
[EventCountry "ENG"]
[EventCategory "4"]
[SourceTitle "CBM 120 Extra"]
[Source "ChessBase"]
[SourceDate "2007.11.01"]
[SourceVersion "1"]
[SourceVersionDate "2007.11.01"]
[SourceQuality "1"]

1. c4 e6 2. Nf3 d5 3. b3 c5 4. g3 Nc6 5. Bg2 Nf6 6. e3 Be7 7. 0-0 0-0 8. Bb2 d4 9. exd4 cxd4 10. Re1 Re8 11. a3 a5 12. d3 Bf8 13. Ne5 Nxe5 14. Rxe5 Bd6 15. Rb5 e5 16. Nd2 Ra7 17. c5 Bd7 18. Nc4 Bxb5 19. Nxd6 Bc6 20. Nxe8 Qxe8 21. Qe2 Bxg2 22. Kxg2 Qc6+ 23. Kg1 Nd7 24. Rc1 Ra8 25. b4 axb4 26. axb4 Ra2 27. Qc2 e4 28. Qb3 Qa4 29. Qxa4 Rxa4 30. Bxd4 Rxb4 31. Bc3 Ra4 32. dxe4 Rxe4 33. Rd1 Nf8 34. Rd8 f6 35. Rb8 Re7 36. Bb4 Rf7 37. f4 g6 38. g4 h6 39. f5 gxf5 40. gxf5 Kg7 41. Kf2 Nh7 42. h4 Rd7 43. Ke3 Kf7 44. Ke4 h5 45. Ba3 Kg7 46. Bc1 Nf8 47. Bf4 Kf7 48. Bd6 Ne6 49. fxe6+ Kxe6 50. Re8+ Kf7 51. Rh8 Ke6 52. Rxh5 b6 53. cxb6 Rxd6 54. Rb5 Rd8 55. b7 Rb8 56. h5 1-0

[Event "Coulsdon Autumn-A"]
[Site "Coulsdon"]
[Date "2007.08.29"]
[Round "3"]
[White "Rudd, Jack"]
[Black "Haldane, Robin W"]
[Result "1-0"]
[WhiteElo "2370"]
[BlackElo "2138"]
[PlyCount "69"]
[EventDate "2007.08.26"]
[EventType "tourn"]
[EventRounds "9"]
[EventCountry "ENG"]
[EventCategory "4"]
[SourceTitle "CBM 120 Extra"]
[Source "ChessBase"]
[SourceDate "2007.11.01"]
[SourceVersion "1"]
[SourceVersionDate "2007.11.01"]
[SourceQuality "1"]

1. e4 e5 2. d4 exd4 3. Qxd4 Nc6 4. Qe3 Nf6 5. Nc3 Bb4 6. Bd2 0-0 7. 0-0-0 Re8 8. Qg3 Nxe4 9. Nxe4 Rxe4 10. c3 Bd6 11. f4 Qf6 12. Nh3 h6 13. Bd3 Re8 14. Nf2 g6 15. Ne4 Qg7 16. Nxd6 cxd6 17. Rhe1 Rf8 18. c4 Kh7 19. Bc3 f6 20. Bc2 b6 21. Rxd6 Ba6 22. Qxg6+ Qxg6 23. Rxd7+ Kg8 24. Bxg6 Bxc4 25. Re3 Rad8 26. Rh7 Bf7 27. Bf5 Rfe8 28. Bxf6 Bh5 29. Rg3+ Kf8 30. Bg7+ Ke7 31. Be5+ Bf7 32. Rgg7 Nxe5 33. fxe5 Rf8 34. e6 Rc8+ 35. Kd2 1-0

[Event "Coulsdon Easter-B"]
[Site "Coulsdon"]
[Date "2007.04.04"]
[Round "9"]
[White "Haldane, Robin W"]
[Black "Calvert, David Ian"]
[Result "1/2-1/2"]
[WhiteElo "2122"]
[BlackElo "2066"]
[PlyCount "37"]
[EventDate "2007.03.31"]
[EventType "tourn"]
[EventRounds "9"]
[EventCountry "ENG"]
[SourceTitle "CBM 117 Extra"]
[Source "ChessBase"]
[SourceDate "2007.05.09"]
[SourceVersion "1"]
[SourceVersionDate "2007.05.09"]
[SourceQuality "1"]

1. e4 d5 2. exd5 Qxd5 3. Nc3 Qd6 4. d4 Nf6 5. Nf3 a6 6. h3 b5 7. Bd3 Bb7 8. Qe2 Nbd7 9. Ne4 Nxe4 10. Bxe4 Bxe4 11. Qxe4 c6 12. Bf4 Qd5 13. Qxd5 cxd5 14. a4 b4 15. Bd2 e6 16. Ke2 Bd6 17. c3 Rb8 18. Rhb1 Ke7 19. b3 1/2-1/2

[Event "Coulsdon Easter-B"]
[Site "Coulsdon"]
[Date "2007.04.03"]
[Round "6"]
[White "Foster, James C"]
[Black "Haldane, Robin W"]
[Result "1/2-1/2"]
[WhiteElo "1914"]
[BlackElo "2122"]
[PlyCount "90"]
[EventDate "2007.03.31"]
[EventType "tourn"]
[EventRounds "9"]
[EventCountry "ENG"]
[SourceTitle "CBM 117 Extra"]
[Source "ChessBase"]
[SourceDate "2007.05.09"]
[SourceVersion "1"]
[SourceVersionDate "2007.05.09"]
[SourceQuality "1"]

1. e4 e5 2. Nf3 Nc6 3. d4 exd4 4. Nxd4 Bc5 5. Nb3 Bb6 6. Nc3 Qf6 7. Qe2 Nge7 8. Be3 0-0 9. 0-0-0 d6 10. Kb1 Ne5 11. f3 Be6 12. Nd5 Nxd5 13. exd5 Bd7 14. Nd2 Rfe8 15. Ne4 Qe7 16. h3 Ng6 17. Bxb6 axb6 18. Nc3 Qd8 19. Qf2 Qb8 20. f4 Qa7 21. Bc4 b5 22. Qxa7 Rxa7 23. Bxb5 Bxb5 24. Nxb5 Ra5 25. c4 Nxf4 26. g3 Ng6 27. Nxc7 Rd8 28. Nb5 Ne5 29. b3 Raa8 30. Rhe1 f6 31. Nc7 Rac8 32. Ne6 Rd7 33. Re3 Kf7 34. a4 b6 35. Kc2 Ra7 36. Kc3 Nxc4 37. bxc4 Rxa4 38. Rb1 Raxc4+ 39. Kd2 Rc2+ 40. Kd1 Rh2 41. Rxb6 Ra8 42. Rb1 Raa2 43. h4 Rad2+ 44. Ke1 Rc2 45. Rf3 Rhe2+ 1/2-1/2

[Event "Coulsdon Easter-B"]
[Site "Coulsdon"]
[Date "2007.04.02"]
[Round "5"]
[White "Haldane, Robin W"]
[Black "Ozanne, Mark S"]
[Result "1-0"]
[WhiteElo "2122"]
[BlackElo "2064"]
[PlyCount "53"]
[EventDate "2007.03.31"]
[EventType "tourn"]
[EventRounds "9"]
[EventCountry "ENG"]
[SourceTitle "CBM 117 Extra"]
[Source "ChessBase"]
[SourceDate "2007.05.09"]
[SourceVersion "1"]
[SourceVersionDate "2007.05.09"]
[SourceQuality "1"]

1. e4 e6 2. d4 d5 3. Nc3 Bb4 4. Bd2 Ne7 5. e5 b6 6. Qg4 Nf5 7. Nf3 Ba6 8. 0-0-0 Bxf1 9. Rhxf1 c5 10. Nb5 Bxd2+ 11. Rxd2 g6 12. c4 Qd7 13. dxc5 bxc5 14. Nd6+ Nxd6 15. exd6 d4 16. Qe4 Qc6 17. d7+ Ke7 18. Qh4+ f6 19. Ne5 Qxg2 20. d8Q+ Kxd8 21. Qxf6+ Kc7 22. Re1 Na6 23. Qe7+ Kb6 24. Qd6+ Ka5 25. Nc6+ Ka4 26. b3+ Ka3 27. Nxd4 1-0

[Event "Coulsdon Easter-B"]
[Site "Coulsdon"]
[Date "2007.04.01"]
[Round "2"]
[White "Linford, Charles M"]
[Black "Haldane, Robin W"]
[Result "0-1"]
[WhiteElo "2142"]
[BlackElo "2122"]
[PlyCount "136"]
[EventDate "2007.03.31"]
[EventType "tourn"]
[EventRounds "9"]
[EventCountry "ENG"]
[SourceTitle "CBM 117 Extra"]
[Source "ChessBase"]
[SourceDate "2007.05.09"]
[SourceVersion "1"]
[SourceVersionDate "2007.05.09"]
[SourceQuality "1"]

1. e4 e5 2. Nf3 Nc6 3. d4 exd4 4. Nxd4 Bc5 5. Nxc6 Qf6 6. Qd2 bxc6 7. Nc3 d6 8. Bd3 Ne7 9. 0-0 Ng6 10. Kh1 Ne5 11. f4 Ng4 12. e5 dxe5 13. Ne4 Qh6 14. g3 Be3 15. Qe2 Bxc1 16. Raxc1 0-0 17. f5 Ne3 18. Nc5 Nxf1 19. Rxf1 f6 20. Qe4 Rb8 21. Rd1 Qh5 22. g4 Qe8 23. b4 Qe7 24. c3 Rd8 25. a4 Kh8 26. a5 Qf7 27. Kg1 Rd6 28. Kf2 Bd7 29. h4 Qa2+ 30. Kg3 Qd5 31. Qe3 Be8 32. Ne4 Rdd8 33. Qxa7 Qb3 34. Rd2 Rbc8 35. Qe3 Bf7 36. g5 Bd5 37. Ba6 Ra8 38. Nc5 Qb1 39. Bb7 Rab8 40. a6 Qxf5 41. b5 h5 42. gxh6 Qg6+ 43. Kh2 gxh6 44. bxc6 Rg8 45. a7 Qh5 46. Qh3 Rbd8 47. Nd7 Be6 48. Qxe6 Qxh4+ 49. Qh3 Qf4+ 50. Kh1 Qxd2 51. Ba6 Qe1+ 52. Bf1 Qe4+ 53. Bg2 Qxg2+ 54. Qxg2 Rxg2 55. Kxg2 Ra8 56. Nxf6 Rxa7 57. Nd5 Ra5 58. Nxc7 Rc5 59. Kf3 Rxc3+ 60. Ke4 Rxc6 61. Nd5 Re6 62. Nc7 Re7 63. Nd5 Re8 64. Nc7 Rg8 65. Kxe5 h5 66. Nd5 h4 67. Ne3 h3 68. Nf1 Re8+ 0-1

[Event "BCF-chT4 0607 (4NCL)"]
[Site "Sunningdale"]
[Date "2007.03.25"]
[Round "8.24"]
[White "Haldane, Robin W"]
[Black "Truman, Richard G"]
[Result "0-1"]
[WhiteElo "2122"]
[BlackElo "2027"]
[PlyCount "158"]
[EventDate "2006.09.16"]
[EventType "team"]
[EventRounds "11"]
[EventCountry "ENG"]
[SourceTitle "EXT 2008"]
[Source "ChessBase"]
[SourceDate "2007.11.25"]
[SourceVersion "1"]
[SourceVersionDate "2007.11.25"]
[SourceQuality "1"]
[WhiteTeam "Celtic Tigers"]
[BlackTeam "Notts"]
[WhiteTeamCountry "ENG"]
[BlackTeamCountry "ENG"]

1. e4 c5 2. d4 cxd4 3. Nf3 d6 4. Nxd4 Nf6 5. Nc3 a6 6. Bg5 e6 7. f4 Be7 8. Qf3 Qc7 9. 0-0-0 Nbd7 10. Bd3 h6 11. Bh4 g5 12. fxg5 Ne5 13. Qe2 Nfg4 14. Nf3 hxg5 15. Bxg5 Bxg5+ 16. Nxg5 Qc5 17. Nh3 Bd7 18. Rde1 b5 19. Nd1 b4 20. Ndf2 Nxf2 21. Nxf2 a5 22. Qe3 Qc7 23. Kb1 a4 24. Qd4 Rg8 25. Rhg1 Rb8 26. Rc1 Ke7 27. Be2 Bb5 28. Bxb5 Rxb5 29. c4 bxc3 30. Rxc3 Qb7 31. Rgc1 Kf6 32. Rc7 Qb6 33. Qxb6 Rxb6 34. g3 Rb4 35. Rf1 Kg6 36. h4 Rgb8 37. Rc2 Nc4 38. Nd3 Na3+ 39. Kc1 Nxc2 40. Kxc2 Rc4+ 41. Kd2 Rxe4 42. Rb1 Kh5 43. b4 axb3 44. axb3 Rb5 45. b4 Rg4 46. Rg1 Rf5 47. Ke3 Kh6 48. Ke2 Re4+ 49. Kd2 Rd5 50. Rb1 Rg4 51. b5 Rxg3 52. Rb3 Rgxd3+ 53. Rxd3 Rxb5 54. Rxd6 Rb4 55. Rd7 Kg7 56. h5 Rh4 57. Ke3 Rxh5 58. Ke4 Kf6 59. Ra7 Rh4+ 60. Kf3 e5 61. Ke3 Kg6 62. Re7 f6 63. Kf3 Kf5 64. Rf7 Ra4 65. Rf8 Ra3+ 66. Kf2 Kg5 67. Rf7 f5 68. Rf8 Kf4 69. Rh8 Ra2+ 70. Kf1 Ke4 71. Rb8 f4 72. Rb5 f3 73. Rb4+ Ke3 74. Rb3+ Kf4 75. Rb8 e4 76. Rf8+ Ke3 77. Kg1 Ra1+ 78. Kh2 f2 79. Kg2 Rg1+ 0-1